000 00276nam a2200121Ia 4500
005 20251222143212.0
008 251222s9999||||xx |||||||||||||| ||spa||
082 _a828.5/S98G
100 _aSwift, Jonathan
245 0 _aGulliver
264 _bSociedad Comercial
942 _cLIB
999 _c13474
_d13474